|
|
|
|
| LEADER |
00876pam a22002538a 4500 |
| 001 |
00021314 |
| 005 |
20171026081022.0 |
| 008 |
110524s1989 ||||||Viesd |
| 041 |
0 |
# |
|a Vie
|
| 082 |
1 |
# |
|a 895.1
|b H455L
|
| 100 |
0 |
# |
|a Tào Tuyết Cần
|
| 245 |
0 |
0 |
|a Hồng lâu mộng
|b 6 tập
|c Tào Tuyết Cần, Vũ Bội Hoàng, Trần Quảng
|n T.3
|
| 260 |
# |
# |
|a Tp. HCM
|b Văn nghệ
|c 1989
|
| 300 |
# |
# |
|a 419 tr.
|c 19 cm.
|
| 650 |
|
|
|a Văn học Trung Quốc
|
| 650 |
|
|
|a Văn học hiện đại
|
| 653 |
# |
# |
|a Tiểu thuyết
|
| 700 |
0 |
# |
|a Trần Quang
|e Dịch
|
| 700 |
0 |
# |
|a Vũ Bội Hoàng
|e Dịch
|
| 852 |
# |
# |
|b Kho mượn
|j KM.0011013
|
| 852 |
# |
# |
|b Kho đọc
|j KD.0006825
|
| 852 |
# |
# |
|j KM.0011013
|j KD.0006825
|
| 910 |
|
|
|d 24/05/2011
|
| 980 |
# |
# |
|a Trung tâm Học liệu Lê Vũ Hùng, Trường Đại học Đồng Tháp
|